[Event "9. Lichtenberger Sommer 2010"]
[Site "Berlin"]
[Date "2010.08.11"]
[Round "5.17"]
[White "Kapr, Klaus"]
[Black "Jahnz, Fabian"]
[Result "1/2-1/2"]
[WhiteElo "2046"]
[BlackElo "2186"]
[PlyCount "97"]
[EventDate "2010.??.??"]
[WhiteTeam "SC Friesen Lichtenberg e.V."]
[BlackTeam "SK König Tegel 1949 e.V."]

1. e4 c5 2. Nf3 e6 3. d4 cxd4 4. Nxd4 Nc6 5. Be3 Qc7 6. Bd3 a6 7. O-O Nf6 8.
Nc3 b5 9. Nxc6 Qxc6 10. e5 Bb7 11. f3 Bc5 12. Qe2 Nd5 13. Nxd5 Qxd5 14. Bxc5
Qxc5+ 15. Kh1 O-O 16. Rad1 Rac8 17. c3 Bd5 18. Rfe1 Rfd8 19. Be4 Bxe4 20. Qxe4
d6 21. Qd3 d5 22. Re4 Qf2 23. Rd2 Qxd2 24. Qxd2 dxe4 25. Qe2 e3 26. h3 Rd2 27.
Qxe3 Rxb2 28. h4 Rxa2 29. h5 h6 30. Qa7 Ra4 31. Kg1 Rd8 32. Kf2 Ra2+ 33. Kg3
Ra4 34. Qc7 Rf8 35. Qc6 Ra3 36. Qb6 Rxc3 37. Qxa6 Rc5 38. f4 Rd5 39. Qb6 Rc8
40. Kh2 Rcd8 41. Kh3 Rc8 42. Kh2 Rcd8 43. Kh3 Kh7 44. Kh2 R8d7 45. Kh3 Rd3+ 46.
Kh2 R3d5 47. Kh3 Re7 48. Qb8 Rd4 49. Qxb5 1/2-1/2

[Event "9. Lichtenberger Sommer 2010"]
[Site "Berlin"]
[Date "2010.08.11"]
[Round "5.18"]
[White "Simon, Ralf-Axel"]
[Black "Schulz, Stefanie"]
[Result "1-0"]
[WhiteElo "2206"]
[BlackElo "2083"]
[PlyCount "119"]
[EventDate "2010.??.??"]
[WhiteTeam "TSG Neuruppin"]
[BlackTeam "SK König Tegel 1949 e.V."]

1. d4 Nf6 2. e3 d5 3. Nf3 e6 4. Bd3 c5 5. c3 Nc6 6. Nbd2 Bd6 7. O-O O-O 8. dxc5
Bxc5 9. h3 a6 10. Re1 e5 11. e4 d4 12. Nb3 Ba7 13. cxd4 Nxd4 14. Nbxd4 Bxd4 15.
Nxd4 Qxd4 16. Qe2 b5 17. Be3 Qd6 18. a4 bxa4 19. Rxa4 Rd8 20. Bc4 Bb7 21. f3
Ne8 22. Rc1 h6 23. Ra3 Qg6 24. Rb3 Nd6 25. Rb6 Qh5 26. Bd3 Bc8 27. Ra1 f5 28.
exf5 Bxf5 29. Bxf5 Qxf5 30. Raxa6 Qb1+ 31. Kh2 Nf5 32. Bg1 Rxa6 33. Rxa6 Rd1
34. Qc4+ Kh7 35. Ra8 Rxg1 36. Qg8+ Kg6 37. Qe8+ Kh7 38. Qh8+ Kg6 39. Ra6+ Kh5
40. Qe8+ Kh4 41. Qd8+ g5 42. Ra4+ Nd4 43. Rxd4+ exd4 44. Qxd4+ Kh5 45. Qxg1
Qxb2 46. Qe1 Qb8+ 47. Qg3 Qf4 48. Qxf4 gxf4 49. g3 fxg3+ 50. Kxg3 Kg5 51. f4+
Kf6 52. Kf3 Kf5 53. Ke3 Kf6 54. Ke4 Ke6 55. f5+ Kf6 56. Kf4 Kf7 57. Ke5 Ke7 58.
f6+ Kf8 59. Kf5 Kf7 60. h4 1-0

[Event "9. Lichtenberger Sommer 2010"]
[Site "Berlin"]
[Date "2010.08.11"]
[Round "5.19"]
[White "Glantz, Robert"]
[Black "Hünerfauth, Uwe"]
[Result "1-0"]
[WhiteElo "2207"]
[BlackElo "2108"]
[PlyCount "65"]
[EventDate "2010.??.??"]
[WhiteTeam "Sfrd. Berlin 1903 e.V."]
[BlackTeam "SK Landau"]

1. e4 Nc6 2. Nf3 d6 3. d4 Bg4 4. d5 Ne5 5. Bb5+ c6 6. dxc6 Nxc6 7. h3 Bd7 8.
Nc3 g6 9. Qe2 Bg7 10. O-O Nf6 11. Rd1 O-O 12. Bxc6 bxc6 13. e5 Ne8 14. Bf4 d5
15. Na4 Qa5 16. b3 Nc7 17. c4 Ne6 18. Bd2 Qa6 19. Bb4 Rfe8 20. Qe3 Qb7 21. Ba3
Bf8 22. Rac1 Rac8 23. Nd4 Nxd4 24. Rxd4 Qa6 25. Nc5 Qxa3 26. Nxd7 Bg7 27. Rdd1
e6 28. c5 Red8 29. Nf6+ Kh8 30. Rd4 Qb2 31. Rc3 Qb1+ 32. Rc1 Qf5 33. g4 1-0

[Event "9. Lichtenberger Sommer 2010"]
[Site "Berlin"]
[Date "2010.08.11"]
[Round "5.21"]
[White "Kurz, Christian"]
[Black "Thier, Jürgen"]
[Result "1-0"]
[WhiteElo "2133"]
[BlackElo "2073"]
[PlyCount "127"]
[EventDate "2010.??.??"]
[WhiteTeam "SC Bechhofen 1923 e.V."]
[BlackTeam "SF Heidelberg"]

1. c4 e5 2. Nc3 f5 3. g3 Nf6 4. Bg2 Bc5 5. e3 Nc6 6. Nge2 e4 7. d3 exd3 8. Qxd3
d6 9. O-O Ne5 10. Qc2 a6 11. b3 Qe7 12. Bb2 Nc6 13. Rad1 Bd7 14. Nd4 Bxd4 15.
exd4 O-O-O 16. Nd5 Nxd5 17. cxd5 Na7 18. Rc1 c6 19. dxc6 bxc6 20. Rfe1 Qf7 21.
d5 Kb8 22. dxc6 Nxc6 23. Qd3 d5 24. Bxd5 Be6 25. Bxe6 Qxe6 26. Qxd8+ Nxd8 27.
Rxe6 Nxe6 28. Rc6 Re8 29. Rxa6 f4 30. Ra5 f3 31. h4 Rd8 32. g4 Rd2 33. Be5+ Kb7
34. a4 g6 35. b4 Nd4 36. Bxd4 Rxd4 37. Rb5+ Kc6 38. Rg5 Rxb4 39. a5 Rb2 40. h5
Kd6 41. hxg6 hxg6 42. Rxg6+ Ke5 43. Rb6 Ra2 44. Rb4 Kf6 45. Rb5 Ra4 46. Rf5+
Ke6 47. Rxf3 Rxg4+ 48. Rg3 Ra4 49. Rg6+ Kf5 50. Ra6 Kg4 51. Kg2 Kf4 52. Ra8 Kg5
53. a6 Kg6 54. Kg3 Kh7 55. f4 Kg7 56. Kg4 Ra5 57. f5 Ra1 58. a7 Ra4+ 59. Kf3
Ra1 60. Ke2 Ra2+ 61. Kd1 Ra1+ 62. Kc2 Ra2+ 63. Kb3 Ra6 64. f6+ 1-0

[Event "9. Lichtenberger Sommer 2010"]
[Site "Berlin"]
[Date "2010.08.11"]
[Round "5.22"]
[White "Kapp, Martin"]
[Black "Kötz, Andreas"]
[Result "1-0"]
[WhiteElo "2171"]
[BlackElo "2039"]
[PlyCount "119"]
[EventDate "2010.??.??"]
[WhiteTeam "TSV IFA Chemnitz"]
[BlackTeam "SC Zitadelle Spandau 1977 e.V."]

1. d4 Nf6 2. c4 g6 3. Nc3 Bg7 4. e4 d6 5. Be2 O-O 6. Nf3 e5 7. O-O Nc6 8. d5
Ne7 9. Ne1 Nd7 10. Be3 f5 11. f3 f4 12. Bf2 g5 13. b4 Nf6 14. c5 Rf7 15. Rc1
Ne8 16. Nb5 a6 17. Na3 Bf8 18. Nd3 Ng6 19. cxd6 Bxd6 20. Nc4 h5 21. Nc5 Nf8 22.
Qb3 Qe7 23. Na5 g4 24. Ncxb7 g3 25. hxg3 fxg3 26. Bxg3 Qg5 27. Nxd6 Nxd6 28.
Bh2 Bh3 29. g3 Bxf1 30. Rxf1 Ng6 31. Nc4 h4 32. g4 Nf4 33. Bd1 Raf8 34. Kh1 Kh7
35. Qc3 Re7 36. Bg1 h3 37. Bc5 Rf6 38. Ne3 Ref7 39. Nf5 Nxf5 40. exf5 Nxd5 41.
Qxe5 Qd2 42. Qe2 Qf4 43. Bb3 c6 44. Qh2 Rd7 45. Bxd5 Qxh2+ 46. Kxh2 Rxd5 47.
Kxh3 Rd2 48. Kh4 Rxa2 49. Kg5 Rf7 50. Rh1+ Kg8 51. f6 a5 52. Kg6 axb4 53. Bxb4
Rb2 54. Be7 Rb3 55. f4 Re3 56. Rd1 Rfxe7 57. Rd8+ Re8 58. f7+ Kf8 59. fxe8=Q+
Rxe8 60. Rxe8+ 1-0

[Event "9. Lichtenberger Sommer 2010"]
[Site "Berlin"]
[Date "2010.08.11"]
[Round "5.23"]
[White "Nötzel, Felix"]
[Black "Heuer, Thomas"]
[Result "1-0"]
[WhiteElo "1966"]
[BlackElo "2152"]
[PlyCount "51"]
[EventDate "2010.??.??"]
[WhiteTeam "SC Borussia Friedrichsfelde 1920"]
[BlackTeam "TSG Neuruppin"]

1. e4 c5 2. Nf3 Nc6 3. d4 cxd4 4. Nxd4 g6 5. Nc3 Bg7 6. Be3 Nf6 7. Bc4 Qa5 8.
O-O O-O 9. Bb3 d6 10. h3 Bd7 11. f4 a6 12. f5 Nxe4 13. Nd5 Qd8 14. fxg6 hxg6
15. Nxc6 Bxc6 16. Qg4 Nc5 17. Bxc5 dxc5 18. Rad1 Bxd5 19. Bxd5 Qb6 20. Qd7 e6
21. Rxf7 Rxf7 22. Bxe6 Raf8 23. Rf1 Qxb2 24. Bxf7+ Kh7 25. Qe7 Qd4+ 26. Kh1 1-0

[Event "9. Lichtenberger Sommer 2010"]
[Site "Berlin"]
[Date "2010.08.11"]
[Round "5.24"]
[White "Schleich, Theodor"]
[Black "Lerch, Philipp"]
[Result "1-0"]
[WhiteElo "2128"]
[BlackElo "1944"]
[PlyCount "83"]
[EventDate "2010.??.??"]
[WhiteTeam "FC Bayern München e.V."]
[BlackTeam "SK König Tegel 1949 e.V."]

1. d4 Nf6 2. Bg5 Ne4 3. Bh4 g5 4. f3 gxh4 5. fxe4 c5 6. e3 Bh6 7. Qd3 Qb6 8. b3
Nc6 9. c3 e5 10. dxc5 Qxc5 11. Nd2 Qxe3+ 12. Qxe3 Bxe3 13. Nc4 Bc5 14. O-O-O b5
15. Nd6+ Bxd6 16. Rxd6 Ke7 17. Rh6 a6 18. Nf3 f6 19. Nxh4 Kf7 20. Be2 d5 21.
Rf1 Ne7 22. Bh5+ Kg7 23. Rhxf6 Ra7 24. Rf7+ Kh6 25. g4 Rb7 26. R1f6+ Ng6 27.
Rxb7 Bxb7 28. Nxg6 hxg6 29. Rxg6+ Kh7 30. Rb6 Ba8 31. Re6 dxe4 32. Rxe5 Rf8 33.
Rf5 Rd8 34. g5 e3 35. Rf7+ Kg8 36. Re7 Bc6 37. Rxe3 Rd6 38. Bf3 Bd7 39. h4 a5
40. h5 Bf5 41. Re5 Bd7 42. Rd5 1-0

[Event "9. Lichtenberger Sommer 2010"]
[Site "Berlin"]
[Date "2010.08.11"]
[Round "5.25"]
[White "Jachym, Adam"]
[Black "Bethe, Stephan"]
[Result "1-0"]
[WhiteElo "1835"]
[BlackElo "2162"]
[PlyCount "41"]
[EventDate "2010.??.??"]
[WhiteTeam "OKSZ Spolem Opole"]
[BlackTeam "SC Kreuzberg e.V."]

1. e4 c5 2. Nf3 a6 3. c3 d5 4. exd5 Qxd5 5. d4 Bg4 6. Be2 cxd4 7. cxd4 e6 8.
O-O Nf6 9. Nc3 Qa5 10. h3 Bh5 11. Ne5 Bxe2 12. Qxe2 Bb4 13. Qf3 Qc7 14. Bf4 Qe7
15. Bg5 O-O 16. Ne4 Nbd7 17. Nxd7 Qxd7 18. Nxf6+ gxf6 19. Bh6 Bd2 20. Bxd2 Rfd8
21. Bh6 1-0

[Event "9. Lichtenberger Sommer 2010"]
[Site "Berlin"]
[Date "2010.08.11"]
[Round "5.26"]
[White "Penner, Markus"]
[Black "Major, Vitalij"]
[Result "0-1"]
[WhiteElo "1921"]
[BlackElo "2071"]
[PlyCount "69"]
[EventDate "2010.??.??"]
[WhiteTeam "SK Zehlendorf e.V."]
[BlackTeam "SC Zitadelle Spandau 1977 e.V."]

1. e4 c5 2. Nf3 d6 3. d4 cxd4 4. Nxd4 Nf6 5. Nc3 a6 6. Be3 e5 7. Nb3 Be7 8. Be2
Be6 9. O-O O-O 10. a4 d5 11. exd5 Nxd5 12. Nxd5 Bxd5 13. a5 Bc6 14. Bb6 Qxd1
15. Rfxd1 Re8 16. Bg4 g6 17. Bc7 Bf8 18. Nd2 h5 19. Be2 Nd7 20. Nc4 Rec8 21.
Nb6 Nxb6 22. axb6 Re8 23. Ra5 e4 24. Bc4 Bb4 25. Re5 Rxe5 26. Bxe5 Re8 27. Bc7
Kg7 28. Bd5 Bxd5 29. Rxd5 Re6 30. c3 Rc6 31. Be5+ f6 32. Bd4 Bd6 33. Kf1 Kf7
34. c4 Ke6 35. b3 0-1

[Event "9. Lichtenberger Sommer 2010"]
[Site "Berlin"]
[Date "2010.08.11"]
[Round "5.27"]
[White "Muskewitz, Bernd"]
[Black "Plump, Detlef"]
[Result "0-1"]
[WhiteElo "2017"]
[BlackElo "2258"]
[PlyCount "84"]
[EventDate "2010.??.??"]
[WhiteTeam "TSG Oberschöneweide e.V."]
[BlackTeam "Chessclub York"]

1. d4 Nf6 2. c4 e6 3. g3 d5 4. Bg2 Be7 5. Nf3 O-O 6. O-O Nbd7 7. cxd5 exd5 8.
Nc3 c6 9. Bf4 Re8 10. Qc2 Nf8 11. Rad1 Ng6 12. Bg5 Be6 13. Bxf6 Bxf6 14. e4
dxe4 15. Nxe4 Bd5 16. Nxf6+ Qxf6 17. Qc3 Rad8 18. Rfe1 Rxe1+ 19. Nxe1 Qd6 20.
a3 Ne7 21. Nc2 Bxg2 22. Kxg2 Nd5 23. Qf3 g6 24. Re1 Kg7 25. Qe4 Rd7 26. Qe5+ f6
27. Qxd6 Rxd6 28. Kf3 Kf7 29. Re4 a5 30. Ne3 Nb6 31. b3 f5 32. Re5 a4 33. bxa4
Rxd4 34. a5 Nd5 35. Nxd5 Rxd5 36. Rxd5 cxd5 37. Ke3 Ke6 38. f4 Kd6 39. Kd4 Kc6
40. a4 Kd6 41. h3 h5 42. h4 Kc6 0-1

[Event "9. Lichtenberger Sommer 2010"]
[Site "Berlin"]
[Date "2010.08.11"]
[Round "5.28"]
[White "Kanellopoulos, Panayotis"]
[Black "von Löhneysen, Leonard"]
[Result "0-1"]
[WhiteElo "2268"]
[BlackElo "2054"]
[PlyCount "46"]
[EventDate "2010.??.??"]
[WhiteTeam "Patras Chess Club"]
[BlackTeam "SK Zehlendorf e.V."]

1. Nf3 c5 2. c4 Nc6 3. Nc3 Nf6 4. g3 d5 5. cxd5 Nxd5 6. Bg2 Nc7 7. Qa4 Bd7 8.
Qe4 f6 9. O-O e5 10. Ne1 Be7 11. Nd3 b6 12. Nd5 O-O 13. Nxc7 Qxc7 14. f4 Kh8
15. fxe5 fxe5 16. b3 Rxf1+ 17. Bxf1 Rf8 18. Bb2 Bd6 19. Ne1 Nd4 20. e3 Bc6 21.
Qd3 Bb5 22. Qxb5 Nxb5 23. Bxb5 e4 0-1

[Event "9. Lichtenberger Sommer 2010"]
[Site "Berlin"]
[Date "2010.08.11"]
[Round "5.29"]
[White "Welz, Peter"]
[Black "Weyers, Guido"]
[Result "1/2-1/2"]
[WhiteElo "2162"]
[BlackElo "1985"]
[PlyCount "122"]
[EventDate "2010.??.??"]
[WhiteTeam "SV Empor Berlin e.V."]
[BlackTeam "SC Weisse Dame e.V."]

1. e4 c6 2. d4 d5 3. e5 c5 4. c3 Nc6 5. h3 cxd4 6. cxd4 Bf5 7. Nf3 e6 8. Nc3
Bb4 9. Bd3 Nge7 10. O-O O-O 11. Be3 Rc8 12. Ne2 f6 13. a3 Ba5 14. b4 Bb6 15. b5
Na5 16. Nf4 Qd7 17. exf6 gxf6 18. Nh4 Bxd3 19. Qxd3 Nc4 20. Nh5 Rf7 21. Bh6 Bc7
22. f4 Kh8 23. Rf3 Nd6 24. Ng3 Nxb5 25. Kh1 f5 26. Nh5 Ng6 27. Bg5 Bd8 28. Bxd8
Rxd8 29. Nxg6+ hxg6 30. Ng3 Rc8 31. Qe2 Kg8 32. Qe5 Qd6 33. Ne2 Qxe5 34. fxe5
Rc4 35. Rd3 Rfc7 36. a4 Nc3 37. Nf4 Kf7 38. a5 Ne4 39. Kh2 g5 40. Ne2 Rb4 41.
a6 b6 42. Ng3 Rcc4 43. Ne2 f4 44. Rf1 Rb2 45. Nxf4 gxf4 46. Rxf4+ Ke7 47. Rdf3
Kd7 48. Rf7+ Kc6 49. Rxa7 Rcc2 50. Rg7 Ra2 51. a7 Ra1 52. Rf8 Rca2 53. Rff7 Kb5
54. h4 Rb1 55. h5 Raa1 56. Kh3 Rh1+ 57. Kg4 Rag1 58. Rf3 Rxg2+ 59. Kf4 Rxg7 60.
a8=Q Rf7+ 61. Kg4 Rg7+ 1/2-1/2

[Event "9. Lichtenberger Sommer 2010"]
[Site "Berlin"]
[Date "2010.08.11"]
[Round "5.30"]
[White "Schildt, René"]
[Black "Badestein, Hartmut"]
[Result "1-0"]
[WhiteElo "1973"]
[BlackElo "2159"]
[PlyCount "139"]
[EventDate "2010.??.??"]
[WhiteTeam "SC Zugzwang 95 e.V."]
[BlackTeam "SC Friesen Lichtenberg e.V."]

1. e4 c5 2. Nf3 e6 3. d4 cxd4 4. Nxd4 a6 5. c4 Nf6 6. Nc3 Bb4 7. e5 Ne4 8. Qg4
Nxc3 9. a3 Bf8 10. bxc3 Nc6 11. Qg3 Qa5 12. Nxc6 dxc6 13. Be2 g6 14. O-O Bg7
15. f4 O-O 16. a4 Rd8 17. Qh4 Qc5+ 18. Kh1 Qf8 19. Rf3 c5 20. Rh3 h6 21. Be3
Bd7 22. Qf2 Rac8 23. a5 Bc6 24. Kg1 Be4 25. g4 Rd7 26. Rg3 Qe7 27. Bc1 Rcd8 28.
Ba3 Bf8 29. Qe3 Bc2 30. Ra2 Bd1 31. Bf1 Qh4 32. Rag2 Qe7 33. f5 Qg5 34. Bxc5
Rd2 35. Bd4 Qxe3+ 36. Rxe3 Rxg2+ 37. Bxg2 Bb3 38. fxg6 fxg6 39. Bxb7 Bxc4 40.
Be4 Kg7 41. Re1 Rc8 42. Rb1 Rc7 43. Rb7 Rxb7 44. Bxb7 Be7 45. Kf2 h5 46. gxh5
gxh5 47. Bf3 Bh4+ 48. Kg2 Kg6 49. Be4+ Kg7 50. Kf3 Bd8 51. Bb6 Bg5 52. Bb7 Bd2
53. Bd4 Bg5 54. Ke4 Bd2 55. Bc6 Kf7 56. Ba4 Kg7 57. Be8 Be2 58. Ba4 Bc4 59. Bd1
Kg6 60. Bc2 Kf7 61. Kf3 Kg7 62. Bd1 Kf7 63. Be2 Bd5+ 64. Kf2 Kg6 65. Bxa6 Kf5
66. Bd3+ Kg4 67. Be2+ Kh3 68. Bxh5 Kxh2 69. a6 Bf4 70. a7 1-0

[Event "9. Lichtenberger Sommer 2010"]
[Site "Berlin"]
[Date "2010.08.11"]
[Round "5.31"]
[White "Hohn, August"]
[Black "Richter, Götz"]
[Result "1-0"]
[WhiteElo "2031"]
[BlackElo "2072"]
[PlyCount "41"]
[EventDate "2010.??.??"]
[WhiteTeam "SC Zugzwang 95 e.V."]
[BlackTeam "Klub Kölner Schachfreunde e.V. 1"]

1. c4 e5 2. Nc3 Nf6 3. g3 d5 4. cxd5 Nxd5 5. Bg2 Nb6 6. Nf3 Nc6 7. O-O Be7 8.
d3 O-O 9. Be3 Be6 10. Qc1 Nd5 11. Nxd5 Bxd5 12. Re1 Qd7 13. Bc5 Rfe8 14. Bxe7
Rxe7 15. Qc3 a5 16. e4 Be6 17. Nxe5 Nxe5 18. Qxe5 Qxd3 19. Red1 Qa6 20. Qc5
Rae8 21. Qxe7 1-0

[Event "9. Lichtenberger Sommer 2010"]
[Site "Berlin"]
[Date "2010.08.11"]
[Round "5.32"]
[White "Keil, Uwe"]
[Black "Schmidt, Jürgen"]
[Result "0-1"]
[WhiteElo "2151"]
[BlackElo "2017"]
[PlyCount "56"]
[EventDate "2010.??.??"]
[WhiteTeam "SC Friesen Lichtenberg e.V."]
[BlackTeam "SC Kreuzberg e.V."]

1. d4 d5 2. c4 c6 3. Nf3 Nf6 4. Nbd2 Qa5 5. e3 Bf5 6. Be2 Nbd7 7. O-O e6 8. Nb3
Qd8 9. Bd2 Bd6 10. c5 Bc7 11. Rc1 Ne4 12. Bc3 g5 13. Nbd2 g4 14. Ne1 Bxh2+ 15.
Kxh2 Qh4+ 16. Kg1 Nxf2 17. Rxf2 g3 18. Nef3 gxf2+ 19. Kf1 Qg3 20. Nh2 Nf6 21.
e4 Rg8 22. Bf3 dxe4 23. d5 Nxd5 24. Nc4 Qxh2 25. Nd6+ Kf8 26. Kxf2 e3+ 27. Kf1
Qh1+ 28. Ke2 Rxg2+ 0-1

[Event "9. Lichtenberger Sommer 2010"]
[Site "Berlin"]
[Date "2010.08.11"]
[Round "5.33"]
[White "Slepuschkin, Shenis"]
[Black "Galkin, Wladislaw"]
[Result "0-1"]
[WhiteElo "2099"]
[BlackElo "1910"]
[PlyCount "40"]
[EventDate "2010.??.??"]
[WhiteTeam "SK Zehlendorf e.V."]
[BlackTeam "SC Ladja Roßdorf"]

1. e4 e5 2. Nf3 Nc6 3. Bc4 Bc5 4. c3 Nf6 5. d3 O-O 6. Bb3 d6 7. Nbd2 Be6 8. Nf1
d5 9. Qe2 Na5 10. Bxd5 Bxd5 11. b4 Bb6 12. exd5 Nxd5 13. Qc2 Nc6 14. Ng3 Ndxb4
15. cxb4 Nxb4 16. Qe2 Nxd3+ 17. Kf1 Nxf2 18. Be3 Nxh1 19. Nxh1 e4 20. Ne1 Qf6+
0-1

[Event "9. Lichtenberger Sommer 2010"]
[Site "Berlin"]
[Date "2010.08.11"]
[Round "5.34"]
[White "Albrecht, Rainer"]
[Black "Oginski, Ulrich"]
[Result "1-0"]
[WhiteElo "2141"]
[BlackElo "1826"]
[PlyCount "23"]
[EventDate "2010.??.??"]
[WhiteTeam "SC Kreuzberg e.V."]
[BlackTeam "SC Weisse Dame e.V."]

1. d4 Nf6 2. c4 e6 3. Nc3 Bb4 4. Bd2 O-O 5. Nf3 d5 6. e3 b6 7. Bd3 Nbd7 8. cxd5
exd5 9. O-O Bb7 10. Qc2 Re8 11. Nb5 Bf8 12. Qxc7 1-0

[Event "9. Lichtenberger Sommer 2010"]
[Site "Berlin"]
[Date "2010.08.11"]
[Round "5.35"]
[White "Guenther, Thomas"]
[Black "Barwich, Alfred"]
[Result "1-0"]
[WhiteElo "2096"]
[BlackElo "1909"]
[PlyCount "86"]
[EventDate "2010.??.??"]
[WhiteTeam "SV Senat"]
[BlackTeam "SV Berolina Mitte e.V."]

1. d4 c5 2. d5 e5 3. c4 d6 4. Nc3 Nf6 5. Qc2 g6 6. e4 Bg7 7. Bd3 O-O 8. Bg5 h6
9. Bd2 Na6 10. a3 Nc7 11. b4 b6 12. bxc5 bxc5 13. Nge2 Nh5 14. Rb1 f5 15. exf5
gxf5 16. Ng3 Nxg3 17. hxg3 Rf6 18. g4 e4 19. Be2 Rg6 20. Kf1 Qe7 21. gxf5 Bxf5
22. Be3 Rf8 23. Rb7 a6 24. Bh5 Rgf6 25. Rh4 Bc8 26. Rxe4 Qd8 27. Rb8 Rf5 28.
Bg6 Qf6 29. Rxc8 Qxg6 30. Rxf8+ Rxf8 31. Ne2 Qh5 32. Ng3 Qg6 33. Ke1 Ne8 34.
Qd1 Qf6 35. Nh5 Qg6 36. Re6 Qf5 37. Nxg7 Nxg7 38. Rxd6 Qe4 39. Qb3 Nf5 40. Rd7
Qh4 41. Qd3 Qh5 42. Bxc5 Re8+ 43. Be3 Nxe3 1-0

[Event "9. Lichtenberger Sommer 2010"]
[Site "Berlin"]
[Date "2010.08.11"]
[Round "5.36"]
[White "Kramer, Wolfgang"]
[Black "Peters, Henning"]
[Result "1/2-1/2"]
[WhiteElo "2034"]
[BlackElo "1740"]
[PlyCount "58"]
[EventDate "2010.??.??"]
[WhiteTeam "SG Schönbuch"]
[BlackTeam "SV Bad Schwartau von 1930"]

1. e4 c5 2. a3 e6 3. b4 cxb4 4. axb4 Bxb4 5. Bb2 Nf6 6. e5 Nd5 7. c4 Nc7 8. Ra3
Bxa3 9. Bxa3 Nc6 10. Qg4 Nxe5 11. Qxg7 Ng6 12. Nc3 d5 13. cxd5 exd5 14. Bd3 Ne6
15. Qh6 Qg5 16. Qxg5 Nxg5 17. Nxd5 Ne6 18. Bb5+ Kd8 19. Bb2 Bd7 20. Bxh8 Bxb5
21. Bf6+ Kd7 22. h4 Ngf4 23. Nc3 Nxg2+ 24. Kd1 Bc6 25. Rh3 Ngf4 26. Re3 a5 27.
Nf3 Bxf3+ 28. Rxf3 Rf8 29. d4 Kc6 1/2-1/2

[Event "9. Lichtenberger Sommer 2010"]
[Site "Berlin"]
[Date "2010.08.11"]
[Round "5.37"]
[White "Kalinitschew, Sergey"]
[Black "Glöß, Henrik"]
[Result "1-0"]
[WhiteElo "2462"]
[BlackElo "1678"]
[PlyCount "41"]
[EventDate "2010.??.??"]
[WhiteTeam "SC Kreuzberg e.V."]
[BlackTeam "Sfr.Nord-Ost Berlin"]

1. Nf3 Nf6 2. c4 g6 3. Nc3 d5 4. cxd5 Nxd5 5. Qa4+ c6 6. Qd4 f6 7. e4 Nxc3 8.
Qxc3 Be6 9. Bc4 Bxc4 10. Qxc4 Bg7 11. O-O Qd7 12. a4 Na6 13. Ra3 Rd8 14. b4 Nc7
15. d4 e6 16. Bf4 Na8 17. b5 Nb6 18. Qb3 cxb5 19. axb5 Nc8 20. Rc1 Qe7 21. Rc7
1-0

[Event "9. Lichtenberger Sommer 2010"]
[Site "Berlin"]
[Date "2010.08.11"]
[Round "5.38"]
[White "Syré, Christian"]
[Black "Streit, Jürgen"]
[Result "1-0"]
[WhiteElo "2282"]
[BlackElo "1946"]
[PlyCount "41"]
[EventDate "2010.??.??"]
[WhiteTeam "TSG Oberschöneweide e.V."]
[BlackTeam "Schachzirkel Elstertal Langenber"]

1. d4 d5 2. c4 Bf5 3. Qb3 e5 4. Qxb7 Nd7 5. Nf3 Rb8 6. Qxa7 Bc2 7. Bd2 Ra8 8.
Qb7 Rb8 9. Qxd5 Ngf6 10. Qa5 Rxb2 11. Na3 Bxa3 12. Qxa3 Qb8 13. Bc1 Rb7 14.
dxe5 Ne4 15. Nd4 Rb6 16. Nxc2 c5 17. f3 O-O 18. fxe4 Nxe5 19. g3 Nxc4 20. Qc3
Ne5 21. Bh3 1-0

[Event "9. Lichtenberger Sommer 2010"]
[Site "Berlin"]
[Date "2010.08.11"]
[Round "5.39"]
[White "Große-Honebrink, Brigitte"]
[Black "Förster, Jonas"]
[Result "0-1"]
[WhiteElo "1934"]
[BlackElo "2204"]
[PlyCount "48"]
[EventDate "2010.??.??"]
[WhiteTeam "SC Kreuzberg e.V."]
[BlackTeam "SSC Rostock 07"]

1. d4 Nf6 2. Nf3 g6 3. Bf4 Bg7 4. e3 O-O 5. Be2 d6 6. h3 c5 7. c3 Qb6 8. Qb3
Be6 9. c4 Nh5 10. Bh2 Nc6 11. d5 Bxb2 12. dxc6 bxc6 13. Nbd2 Bxa1 14. O-O Qxb3
15. Nxb3 Bc3 16. Ng5 Ng7 17. Ne4 Bb4 18. Ra1 a5 19. a3 a4 20. Nc1 Ba5 21. Ng5
Bc3 22. Ra2 Rfb8 23. Nxe6 Nxe6 24. Bd3 Rb2 0-1

[Event "9. Lichtenberger Sommer 2010"]
[Site "Berlin"]
[Date "2010.08.11"]
[Round "5.40"]
[White "Groß, Thorsten"]
[Black "Nagel, Gerhard"]
[Result "1-0"]
[WhiteElo "2163"]
[BlackElo "1975"]
[PlyCount "61"]
[EventDate "2010.??.??"]
[WhiteTeam "SC Weisse Dame e.V."]
[BlackTeam "SC Einheit Bautzen"]

1. e4 e5 2. Nf3 Nc6 3. Bb5 Bc5 4. O-O Nd4 5. Nxd4 Bxd4 6. c3 Bb6 7. d4 c6 8.
Bc4 d6 9. f4 exd4 10. cxd4 Nf6 11. Nc3 O-O 12. Kh1 d5 13. exd5 Nxd5 14. f5 Nf6
15. Be3 Re8 16. Bg1 Qd6 17. Qd3 Bc7 18. Qf3 Rb8 19. Bb3 b5 20. Rad1 Bb7 21. Qh3
b4 22. Na4 Ba6 23. Rfe1 Be2 24. Rc1 Bg4 25. Qd3 Qd7 26. Qc4 Rxe1 27. Rxe1 Bxf5
28. Nc5 Qd6 29. Qxf7+ Kh8 30. Re7 Nh5 31. Re8+ 1-0

[Event "9. Lichtenberger Sommer 2010"]
[Site "Berlin"]
[Date "2010.08.11"]
[Round "5.41"]
[White "Mehringer, Jörg"]
[Black "Hahlbohm, Matthias"]
[Result "0-1"]
[WhiteElo "1894"]
[BlackElo "2095"]
[PlyCount "156"]
[EventDate "2010.??.??"]
[WhiteTeam "SC Weisse Dame e.V."]
[BlackTeam "TSG Oberschöneweide e.V."]

1. e4 c5 2. d4 cxd4 3. c3 dxc3 4. Nxc3 Nc6 5. Nf3 g6 6. Bc4 Bg7 7. O-O a6 8.
Qe2 d6 9. Rd1 Bd7 10. Bg5 Nf6 11. e5 dxe5 12. Nxe5 Nxe5 13. Qxe5 O-O 14. Qe3
Qc7 15. Be2 e6 16. Rac1 Bc6 17. Bf3 Rfd8 18. Re1 Rd7 19. Bxc6 bxc6 20. Ne4 Nxe4
21. Qxe4 Rc8 22. b3 Qa5 23. Be3 Qxa2 24. Rxc6 Rxc6 25. Qxc6 Qa5 26. Rc1 Qd8 27.
Qc2 h5 28. h3 Bd4 29. Bxd4 Rxd4 30. Qe2 Qd6 31. g3 Rd2 32. Qf3 Kg7 33. Rc3 Qe5
34. Rc1 a5 35. h4 Rd7 36. Qc6 Rd5 37. Qa8 Qe4 38. Qa6 Qb4 39. Qc4 Qxc4 40. Rxc4
Kf6 41. Ra4 Rb5 42. Rf4+ Ke7 43. Rf3 f5 44. Rc3 Kd6 45. Kf1 Rc5 46. Rd3+ Rd5
47. Rc3 Rd2 48. Ke1 Rb2 49. Rd3+ Kc5 50. Re3 Kd5 51. Rd3+ Ke5 52. Re3+ Kf6 53.
Rc3 Ke7 54. Rc7+ Kd6 55. Ra7 Ra2 56. Ra6+ Kd5 57. Kf1 Ra3 58. Ke2 e5 59. Kd2
Ke4 60. Kc3 Ra2 61. Rxg6 Rxf2 62. Rg5 Rf3+ 63. Kc4 Rd3 64. Rg8 Rd4+ 65. Kb5
Rb4+ 66. Kxa5 Rxb3 67. Rg5 Rf3 68. Kb4 Kd3 69. Rxh5 e4 70. Rh8 Rxg3 71. Rd8+
Ke3 72. Rd1 Rh3 73. Rf1 f4 74. Re1+ Kd3 75. Rd1+ Ke2 76. Rd4 Ke3 77. Kc3 f3 78.
Rd1 f2 0-1

[Event "9. Lichtenberger Sommer 2010"]
[Site "Berlin"]
[Date "2010.08.11"]
[Round "5.42"]
[White "Hertwig, Christopher"]
[Black "Buraczynski, Radoslaw"]
[Result "1/2-1/2"]
[WhiteElo "2086"]
[BlackElo "1789"]
[PlyCount "113"]
[EventDate "2010.??.??"]
[WhiteTeam "SK König Tegel 1949 e.V."]
[BlackTeam "USG Chemnitz"]

1. Nf3 d5 2. g3 Bg4 3. Bg2 c6 4. O-O Nd7 5. d3 Ngf6 6. Nbd2 e5 7. e4 dxe4 8.
dxe4 Be7 9. Qe2 O-O 10. Nc4 a5 11. a4 Qc7 12. b3 Bh5 13. Bb2 Ne8 14. Rfd1 f6
15. Qe3 Rd8 16. Bc3 b6 17. Rd2 Nd6 18. Bf1 Bf7 19. Nxd6 Bxd6 20. Bh3 Nc5 21.
Nh4 g6 22. Rad1 Be7 23. Qe2 Rxd2 24. Rxd2 Rd8 25. Ng2 Rxd2 26. Bxd2 Ne6 27. Ne3
Nd4 28. Qd1 b5 29. axb5 cxb5 30. Nd5 Bxd5 31. exd5 b4 32. Be3 Qxc2 33. Qa1 Qc3
34. Qa4 Qc7 35. Qe8+ Kg7 36. Bxd4 exd4 37. Qc6 Qxc6 38. dxc6 Bd6 39. Be6 f5 40.
Kf1 Kf6 41. Bc4 Ke5 42. Ke2 g5 43. f3 h5 44. h3 Bc7 45. Kd3 Bb6 46. Bf7 h4 47.
gxh4 gxh4 48. Bg8 Kf4 49. Be6 Kxf3 50. Bxf5 Kf4 51. Bh7 Kg3 52. Bf5 Kf2 53. c7
Bxc7 54. Kxd4 Ke2 55. Kc4 Kd2 56. Kb5 Kc3 57. Ka4 1/2-1/2